| 000 | 00527nam a2200181 i 4500 | ||
|---|---|---|---|
| 001 | bg | ||
| 100 | 1 | _aFRIDLENDER, G. | |
| 245 | 0 |
_aJadernaja chimija i radiochimija / _cG. Fridlender, Dż. Kennedi, Dż. Miller ; Per. s ang E. N. Avdoninoj [i in.]. |
|
| 260 |
_aMoskva : _bIzdatel'stvo "Mir", _c1967. |
||
| 300 |
_as. 567 : _bilustr. |
||
| 700 | 1 | _aKENNEDI, Dż. | |
| 700 | 1 | _aMILLER, Dż. | |
| 040 | _cBPK | ||
| 041 | _apol | ||
| 080 | _a539.1:541.28:621.039 | ||
| 942 | _cKS | ||
| 008 | s pl f |000 0 pol | ||
| 999 |
_c12773 _d12773 |
||